00813nam a2200181 450000500170000000800410001702000180005808200170007610000270009324500970012026000200021730000100023765000160024794200070026399900170027095201720028795201720045920260602115041.0260602b |||||||| |||| 00| 0 eng d a9789401788458 a174.4bDAh-F aDahal Rendtorff, Jacob aFrench Phelosophy and Social Theory bA prespective for ethics and Philosophy of Management  bSpringer c2014 a305p. aPhelosophy  cBK c47634d47634 00w2026-06-021040708Management Science aAUSCbAUSCcManagement Scienced2026-04-27eAli Book Servicesg1767.00l0o174.4 DAh-FpAUHEP0205r2026-06-02 11:51:42yBK 00w2026-06-021040708Management Science aAUSCbAUSCcManagement Scienced2026-04-27eAli Book Servicesg1767.00l0o174.4 DAh-FpAUHEP0206r2026-06-02 11:52:15yBK